Trafalgar

Guardado en:
Detalles Bibliográficos
Autor principal: Pérez Galdós, Benito (Autor)
Formato: Libro
Lenguaje:español
Publicado: Madrid Alianza 1980
Edición:5a. ed
Colección:Episodios Nacionales, 1. Primera Serie
Materias:
Etiquetas: Agregar Etiqueta
Sin Etiquetas, Sea el primero en etiquetar este registro!

MARC

LEADER 00000nam a2200000 a 4500
001 UCQ2028
003 CL-VaPUC
008 980721e19800000SP |||||||||||||||||spa|d
082 0 4 |a 863  |b PER  |2 21 
100 0 |a Pérez Galdós, Benito  |e author  |9 318144 
245 1 0 |a Trafalgar 
250 |a 5a. ed 
300 |a 144 p 
942 |c BK 
945 |d 19980721 00:00:00  |a lriquelm 
260 |a Madrid  |b Alianza  |c 1980 
650 0 |a Novelas españolas  |9 265052 
650 0 |a Literatura española  |9 306261 
583 |a last modification  |c 20130421 11:48:42  |k Rodrigo Vera 
490 0 |a Episodios Nacionales, 1. Primera Serie 
999 |c 272870  |d 272868